01162 a2200193 45000010006000000050017000060080041000230030015000640400040000790800161001192450148002800200018004282640033004463000019004795050340004980410008008381000027008468560095008734119820260407155706.0260407a1991 arg spa dAR-UNSa-BCEJYS aAR-UNSa-BCEJYSbspacAR-UNSa-BCEJYS a342.515xFunciones, obligaciones, prerrogativas del jefe de estado en el proceso legislativo. Derecho de iniciativa legislativa. Derecho de veto legislativo10aDecretos de necesidad y urgenciapHacia una nueva orientación en la jurisprudencia de la Corte Suprema ; El amparo como acción impugnatoria a950-9606-21-9 1aBuenos Aires :bAD-HOCc1991 a191 p.c22 cm. a1. El poder en el sistema democrático - 2. Emergencia y necesidad - 3. Actividad legislativa del poder ejecutivo - 4. Los decretos de necesidad y urgencia - 5. La nueva composición de la corte suprema y la doctrina de los decretos de necesidad y urgencia - 6. El amparo como via impugnatoria de los decretos de necesidad y urgencia aspa1 aVítolo, Daniel Roque41uhttps://biblioeco.unsa.edu.ar/pmb/images/libros/L126429.jpgyImagen de portadaqimage/jpeg